[Event "15th Open"]
[Site "Ljubjana SLO"]
[Date "2004.07.10"]
[Round "1"]
[White "Plaskan,J"]
[Black "Pavasovic,D"]
[Result "0-1"]
[WhiteElo "2039"]
[BlackElo "2592"]

1.e4 e5 2.Nf3 Nc6 3.Bb5 a6 4.Ba4 Nf6 5.O-O b5 6.Bb3 Bb7 7.Re1 Bc5 8.c3 d6
9.d4 Bb6 10.Bg5 h6 11.Bh4 O-O 12.Bd5 Re8 13.Nbd2 exd4 14.cxd4 g5 15.Bxc6 Bxc6
16.Qc2 Bb7 17.Bg3 Nh5 18.d5 Nxg3 19.hxg3 Qf6 20.Nf1 Qg6 21.Rad1 Rad8 22.Nd4 Re5
23.Nf3 Rxd5 24.Rxd5 Bxd5 25.Qd3 Bc4 26.Qc3 Re8 27.N1d2 Be6 28.Nd4 Bd7 29.N4f3 Qg7
30.Qc2 f5 31.exf5 Rxe1+ 32.Nxe1 Qe5 33.Qb3+ Kg7 34.Nef3 Qxf5 35.Qc3+ Qf6
36.Qc2 Bf5 37.Qc1 Bg6 38.Qe1 Qxb2 39.Qe7+ Kg8 40.Qe6+ Kh7 41.Qd7+ Qg7 42.Qh3 Qe7
43.Qc8 a5 44.Qg4 a4 45.Qb4 Qe2  0-1

[Event "ACT Open"]
[Site "Amsterdam NED"]
[Date "2004.07.17"]
[Round "1"]
[White "Stellwagen,D"]
[Black "Van Veen,O"]
[Result "1-0"]
[WhiteElo "2509"]
[BlackElo "2269"]

1.e4 e5 2.Nf3 Nc6 3.Bb5 a6 4.Ba4 Nf6 5.O-O b5 6.Bb3 Bb7 7.d3 Bc5 8.a4 O-O
9.Nc3 Na5 10.Bd5 Nxd5 11.Nxd5 Nc6 12.Be3 Bxe3 13.fxe3 d6 14.Qe1 Ne7 15.Nxe7+ Qxe7
16.Nh4 g6 17.Qg3 Kh8 18.Rf3 f5 19.axb5 axb5 20.Rxa8 Rxa8 21.Nxg6+ hxg6 22.Qxg6 Qg7
23.Qxf5  1-0

[Event "ACT Open"]
[Site "Amsterdam NED"]
[Date "2004.07.19"]
[Round "3"]
[White "Ramondino,R"]
[Black "Van Veen,O"]
[Result "1-0"]
[WhiteElo "2221"]
[BlackElo "2269"]

1.e4 e5 2.Nf3 Nc6 3.Bb5 a6 4.Ba4 Nf6 5.O-O b5 6.Bb3 Bb7 7.c3 Nxe4 8.d4 exd4
9.Re1 d5 10.Ng5 Na5 11.Rxe4+ dxe4 12.Bxf7+ Ke7 13.Qg4 Qd7 14.Be6 Qc6 15.Nd2 h6
16.Ndxe4 Kd8 17.cxd4 Qc2 18.d5 Nc4 19.Nf7+  1-0

[Event "JunCh-USA"]
[Site "Lindsborg USA"]
[Date "2004.07.21"]
[Round "2"]
[White "Friedel,J"]
[Black "Lopez,B"]
[Result "0-1"]
[WhiteElo "2433"]
[BlackElo "2400"]

1.e4 e5 2.Nf3 Nc6 3.Bb5 a6 4.Ba4 Nf6 5.O-O b5 6.Bb3 Bb7 7.c3 h6 8.d4 d6 9.a4 Be7
10.Qe2 O-O 11.Rd1 Qc8 12.Nbd2 Re8 13.d5 Na5 14.Bc2 c6 15.dxc6 Qxc6 16.axb5 axb5
17.Bd3 Nc4 18.Rxa8 Rxa8 19.Nxc4 bxc4 20.Bxc4 Qxe4 21.Qxe4 Bxe4 22.Be3 Rb8
23.b4 Rc8 24.Nd2 Bd5 25.Be2 Rxc3 26.b5 Rc8 27.Ba7 Nd7 28.b6 Rc2 29.Bg4 Be6
30.h3 d5 31.Nf1 Bc5 32.Ne3 Bxe3 33.fxe3 Rb2 34.Bxe6 fxe6 35.Rc1 Nxb6 36.Rc6 Nc4
37.Rxe6 Re2 38.Kf1 Ra2 39.Re7 Kf8 40.Rd7 Ra5 41.Kf2 Kg8 42.g4 Ra2+ 43.Kg3 Nd2
44.Kg2 Ne4+ 45.Kf1 Rf2+ 46.Kg1 Rd2 47.Kf1 Ng5 48.Bb8 Nf3 49.Re7 e4 50.Ba7 Rh2
51.Bb8 Rxh3 52.Kg2 Rh4 53.Kg3 Rh1 54.Kf4 Rf1 55.Rb7 Kh7 56.Kf5 Nh2+ 57.Bf4 Nf3
58.Rd7 Nh4+ 59.Ke6 Ng6 60.Bd6 d4 61.Ra7 dxe3 62.Bc5 Nf4+ 63.Kf5 e2 64.Bd4 Nd5+
65.Ke6 Nf6  0-1

[Event "ACT Open"]
[Site "Amsterdam NED"]
[Date "2004.07.22"]
[Round "6"]
[White "Nezad,H"]
[Black "Van de Oudeweetering,A"]
[Result "0-1"]
[WhiteElo "2312"]
[BlackElo "2369"]

1.e4 e5 2.Nf3 Nc6 3.Bb5 a6 4.Ba4 Nf6 5.O-O b5 6.Bb3 Bb7 7.c3 Nxe4 8.d4 Na5
9.Nxe5 Nxb3 10.Qxb3 Nd6 11.Re1 Be7 12.a4 O-O 13.Bf4 Bg5 14.Bg3 h5 15.h3 Nf5
16.axb5 axb5 17.Na3 Bd2 18.Re2 Qg5 19.h4 Nxh4 20.Rxd2 Nxg2 21.d5 Qxd2 22.Rd1 Qe2
23.Kxg2 h4 24.Bh2 Rfe8 25.Nf3 Re4 26.Rd4 h3+ 27.Kg3 Ra6 28.Qd1 Rg6+ 29.Kxh3 Qxf2
30.Rxe4 Qg2+  0-1

[Event "JunCh-USA"]
[Site "Lindsborg USA"]
[Date "2004.07.22"]
[Round "4"]
[White "Milman,L"]
[Black "Lopez,B"]
[Result "1-0"]
[WhiteElo "2428"]
[BlackElo "2400"]

1.e4 e5 2.Nf3 Nc6 3.Bb5 a6 4.Ba4 Nf6 5.O-O b5 6.Bb3 Bb7 7.d3 Be7 8.Nc3 O-O
9.a3 d6 10.Re1 Na5 11.Ba2 c5 12.h3 Rb8 13.Nd5 Bc8 14.c3 Nc6 15.d4 c4 16.Bb1 h6
17.Bc2 Re8 18.Be3 Bf8 19.Qd2 Bb7 20.Nxf6+ Qxf6 21.d5 Ne7 22.a4 Bc8 23.axb5 axb5
24.Kh2 g5 25.Ng1 Ng6 26.Bd1 Nf4 27.Bg4 Nd3 28.Rf1 Qg6 29.f3 f5 30.exf5 Bxf5
31.Ne2 b4 32.Ng3 Bxg4 33.fxg4 Rb5 34.Ra7 Rxd5 35.Nh5 Nf4 36.Nxf4 Rxd2 37.Nxg6 Re2
38.Bc1 Rc2 39.cxb4 d5 40.Nxf8 Rxf8 41.Rxf8+ Kxf8 42.b5 Rxc1 43.b6 Rb1 44.Ra2  1-0

[Event "ACT Open"]
[Site "Amsterdam NED"]
[Date "2004.07.24"]
[Round "8"]
[White "Schoorl,R"]
[Black "Van Veen,O"]
[Result "1-0"]
[WhiteElo "2225"]
[BlackElo "2269"]

1.e4 e5 2.Nf3 Nc6 3.Bb5 a6 4.Ba4 Nf6 5.O-O b5 6.Bb3 Bb7 7.Re1 Bc5 8.c3 d6
9.d4 Bb6 10.Bg5 h6 11.Bh4 Qd7 12.Bxf6 gxf6 13.Bd5 O-O-O 14.a4 Rhg8 15.Kh1 Qg4
16.Rg1 exd4 17.axb5 axb5 18.cxd4 f5 19.h3 Qg7 20.Nc3 fxe4 21.Bxe4 Rde8 22.Bd5 Qf6
23.Nxb5 Nb4 24.Bxb7+ Kxb7 25.Qa4 c5 26.dxc5 dxc5 27.Rad1 Rd8 28.Nc3 Qf5 29.Rge1 Rxd1
30.Qxd1 Nd3 31.Re7+ Kb8 32.Qe2 c4 33.Nd1 Rxg2 34.Re8+ Kb7 35.Qe7+ Bc7 36.Kxg2 Nf4+
37.Kg1 Qxh3 38.Qe4+ Kb6 39.Qd4+ Kb7 40.Qe4+ Kb6 41.Rg8  1-0

[Event "ACT Open"]
[Site "Amsterdam NED"]
[Date "2004.07.25"]
[Round "9"]
[White "Van den Doel,E"]
[Black "Van de Oudeweetering,A"]
[Result "1-0"]
[WhiteElo "2586"]
[BlackElo "2369"]

1.e4 e5 2.Nf3 Nc6 3.Bb5 a6 4.Ba4 Nf6 5.O-O b5 6.Bb3 Bb7 7.c3 Nxe4 8.d4 Na5
9.Bc2 exd4 10.Nxd4 c5 11.Nf5 d5 12.Nd2 Qd7 13.Nxe4 dxe4 14.Ng3 Rd8 15.Qh5 Qd5
16.Bg5 Be7 17.Nxe4 Bxg5 18.Qxg5 Qxg5 19.Nxg5 Nc4 20.b3 Nb6 21.Rfe1+ Kf8 22.Rad1 Rxd1
23.Rxd1 Ke7 24.Re1+ Kd7 25.Nxf7 Rf8 26.Ng5 Nd5 27.Ne6 Rc8 28.Bf5 Kd6 29.Nxg7 Rg8
30.Ne8+ Kc6 31.Re6+  1-0

[Event "Politiken Cup"]
[Site "Copenhagen DEN"]
[Date "2004.07.25"]
[Round "3"]
[White "Skovgaard,T"]
[Black "Prakken,G"]
[Result "1/2-1/2"]
[WhiteElo "2079"]
[BlackElo "2265"]

1.e4 e5 2.Nf3 Nc6 3.Bb5 a6 4.Ba4 Nf6 5.O-O b5 6.Bb3 Bb7 7.Re1 Bc5 8.c3 d6
9.d4 Bb6 10.a4 h6 11.Qd3 O-O 12.axb5 axb5 13.Rxa8 Qxa8 14.Qxb5 exd4 15.Qf5 Ne7
16.Qh3 dxc3 17.Nxc3 Nxe4 18.Nxe4 Bxe4 19.Bxh6 Nf5 20.Be3 Nxe3 21.fxe3 Qa5
22.Qg3 Qb4 23.Ng5 Bd3 24.Bd5 Qxb2 25.Kh1 Qe5 26.Qxe5 dxe5 27.e4 g6 28.Rd1 Bb5
29.Rb1 Be8 30.Nf3 Bd4 31.Nxd4 exd4 32.Rc1 c6 33.Bxc6 Bxc6 34.Rxc6 Rd8 35.Rc2 Re8
36.Kg1 Rxe4 37.Kf2 Kg7 38.Kf3 f5 39.Rc6 Kf7 40.Rd6 g5 41.h3 g4+ 42.hxg4 Rxg4
43.Ke2 Rxg2+ 44.Kd3 Rg4 45.Rxd4 Rg3+ 46.Ke2 Kf6 47.Kf2 Ra3 48.Rb4 Kg5 49.Rc4 Ra5
50.Rb4 f4 51.Rb8 Ra2+ 52.Kf3 Ra3+ 53.Kf2  1/2-1/2

[Event "12th Open"]
[Site "St Affrique FRA"]
[Date "2004.07.26"]
[Round "3"]
[White "Degraeve,JM"]
[Black "Olarasu,G"]
[Result "1-0"]
[WhiteElo "2530"]
[BlackElo "2329"]

1.e4 e5 2.Nf3 Nc6 3.Bb5 a6 4.Ba4 Nf6 5.O-O b5 6.Bb3 Bb7 7.c3 Nxe4 8.d4 exd4
9.Re1 Na5 10.Ng5 d5 11.Rxe4+ dxe4 12.Bxf7+ Kd7 13.Qxd4+ Kc6 14.Qxe4+ Kb6
15.Be3+ c5 16.Qe6+ Bc6 17.Nd2 Qf6 18.b4 Nb7 19.Qb3 Rd8 20.a4 Rd3 21.axb5 axb5
22.bxc5+ Bxc5 23.Nc4+ Kc7 24.Ne6+ Kd7 25.Nxc5+ Nxc5 26.Bxc5 Qg5 27.Bd5 Rxd5
28.h4 bxc4 29.Qb6 Qxg2+ 30.Kxg2 Rd1+ 31.Kg3 Rxa1 32.Bb4 Re8 33.f3 h6 34.Ba5 Re6
35.Qd8+  1-0

[Event "Politiken Cup"]
[Site "Copenhagen DEN"]
[Date "2004.07.29"]
[Round "7"]
[White "Lindberg,Be"]
[Black "Prakken,G"]
[Result "1-0"]
[WhiteElo "2422"]
[BlackElo "2265"]

1.e4 e5 2.Nf3 Nc6 3.Bb5 a6 4.Ba4 Nf6 5.O-O b5 6.Bb3 Bb7 7.d3 Bd6 8.c3 O-O
9.Nbd2 h6 10.a3 Re8 11.Nh4 Bc5 12.Kh1 d5 13.exd5 Nxd5 14.Ne4 Bf8 15.Bxh6 Re6
16.Bg5 Be7 17.Qh5  1-0

[Event "Open Dutch Champ"]
[Site "Dieren NED"]
[Date "2004.07.29"]
[Round "3"]
[White "Pruijssers,R"]
[Black "Van der Wiel,J"]
[Result "1/2-1/2"]
[WhiteElo "2257"]
[BlackElo "2502"]

1.e4 e5 2.Nf3 Nc6 3.Bb5 a6 4.Ba4 Nf6 5.O-O b5 6.Bb3 Bb7 7.Re1 Bc5 8.c3 d6
9.d4 Bb6 10.Be3 O-O 11.d5 Ne7 12.Bxb6 cxb6 13.Nbd2 Nd7 14.Nf1 Nc5 15.Bc2 f5
16.exf5 Nxd5 17.Ng3 Nf4 18.b4 Na4 19.Ne4 d5 20.Bxa4 bxa4 21.Ng3 e4 22.Nd4 Qc7
23.Re3 b5 24.Nh5 Nxh5  1/2-1/2

[Event "9th Open"]
[Site "Creon FRA"]
[Date "2004.08.05"]
[Round "6"]
[White "Guennoun,A"]
[Black "Renaze,L"]
[Result "1/2-1/2"]
[WhiteElo "2130"]
[BlackElo "2276"]

1.e4 e5 2.Nf3 Nc6 3.Bb5 a6 4.Ba4 Nf6 5.O-O b5 6.Bb3 Bb7 7.d3 Bc5 8.Nc3 h6
9.Nd5 d6 10.c3 O-O 11.d4 Ba7 12.Nxf6+ Qxf6 13.Bd5 Rab8 14.Be3 Qe7 15.Re1 Na5
16.Bxb7 Rxb7 17.dxe5 dxe5 18.Qd5 Bxe3 19.Rxe3 Re8 20.Rd1 c6 21.Qd3 Rbb8 22.Ree1 Nb7
23.Qd7 Qxd7 24.Rxd7 Nc5 25.Rd6 Rbc8 26.Kf1 f6 27.Nd2 Red8 28.Rxd8+ Rxd8 29.Nb3 Na4
30.Rb1 c5 31.Ke2 c4 32.Na1 Rd3 33.Ke1 Nc5 34.f3 Kf7 35.Nc2 Rd6 36.Ne3 g6
37.Ke2 Ke6 38.b3 cxb3 39.axb3 f5 40.exf5+ gxf5 41.c4 Rd7 42.cxb5 axb5 43.Rc1 Rc7
44.b4 Na6 45.Rxc7 Nxc7 46.Kd3 f4 47.Nd1 Nd5 48.Nc3 Nxb4+ 49.Ke2 Nd5 50.Nxb5 h5
51.g3 Ne3 52.gxf4 exf4 53.Nc3 Ke5 54.Ne4 Nf5 55.Ng5 Nd6 56.Kf2 h4 57.Kg2 Kf5
58.Nh3 Nf7 59.Nf2 Ng5 60.Nd3 h3+ 61.Kf2 Ne6 62.Ke2 Nd4+ 63.Kf2 Kg5 64.Ne5 Kf6
65.Nd3 Kf5 66.Ne1  1/2-1/2

[Event "Open"]
[Site "Kavala GRE"]
[Date "2004.08.06"]
[Round "8"]
[White "Lupulescu,C"]
[Black "Mihailidis,A"]
[Result "1-0"]
[WhiteElo "2555"]
[BlackElo "2264"]

1.e4 e5 2.Nf3 Nc6 3.Bb5 a6 4.Ba4 Nf6 5.O-O b5 6.Bb3 Bb7 7.d3 Bc5 8.Be3 d6
9.Bxc5 dxc5 10.c3 O-O 11.Qe2 Qd6 12.Nbd2 Rad8 13.Bc2 Nh5 14.g3 Bc8 15.Nh4 g6
16.Rad1 Qf6 17.Ng2 Bh3 18.Qe3 Qe7 19.Nb3 c4 20.dxc4 bxc4 21.Nd2 Bg4 22.f3 Be6
23.Rf2 Ng7 24.Nf1 Rb8 25.Ba4 Rb6 26.Qc1 Qc5 27.Nge3 Ne7 28.Kg2 f5 29.exf5 Ngxf5
30.Nxf5 Bxf5 31.Qe3 Qa5 32.b3 Bd3 33.Nd2 Nf5 34.Qe1 Qxc3 35.Nxc4 Qxe1 36.Rxe1 Bxc4
37.bxc4 Nd4 38.Rxe5 Nxf3 39.Re7 Rb4 40.Bc6 Nd4 41.Bd5+  1-0

[Event "73rd ch-UKR"]
[Site "Kharkiv UKR"]
[Date "2004.08.25"]
[Round "1.2"]
[White "Kuzmin,Ge"]
[Black "Malaniuk,V"]
[Result "1-0"]
[WhiteElo "2518"]
[BlackElo "2555"]

1.e4 e5 2.Nf3 Nc6 3.Bb5 a6 4.Ba4 Nf6 5.O-O b5 6.Bb3 Bb7 7.Nc3 Be7 8.d3 O-O
9.Bd2 d6 10.a4 Na5 11.Ba2 b4 12.Nd5 Nxd5 13.exd5 c5 14.c3 bxc3 15.Bxc3 Bc8
16.Qe1 Nb7 17.a5 Bg4 18.Nd2 Nxa5 19.f4 exf4 20.Rxf4 Bh5 21.Qg3 g6 22.Ne4 f5
23.Nxc5 Bf6 24.Ne6 Qb6+ 25.Rf2 Nb3 26.Bxb3 Qxb3 27.Bxf6 Rxf6 28.Qxd6 Qb8
29.Qc5 Qe5 30.Rxa6 Rb8 31.Rc6  1-0

[Event "TCh-SCG Men"]
[Site "Budva SCG"]
[Date "2004.09.17"]
[Round "9"]
[White "Savic,Miod1"]
[Black "Vujosevic,V"]
[Result "1-0"]
[WhiteElo "2523"]
[BlackElo "2374"]

1.e4 e5 2.Nf3 Nc6 3.Bb5 a6 4.Ba4 Nf6 5.O-O b5 6.Bb3 Bb7 7.c3 Nxe4 8.d4 exd4
9.Re1 d5 10.Ng5 Na5 11.Rxe4+ dxe4 12.Bxf7+ Ke7 13.Qg4 Qd7 14.Be6 Qc6 15.Qf4 Kd8
16.Bh3 Bd6 17.Ne6+ Ke7 18.Qg5+ Ke8 19.Nxg7+ Kf7 20.Be6+  1-0

[Event "Essent Open"]
[Site "Hoogeveen NED"]
[Date "2004.10.15"]
[Round "1"]
[White "Van Geffen,B"]
[Black "Van de Oudeweetering,A"]
[Result "0-1"]
[WhiteElo "2181"]
[BlackElo "2383"]

1.e4 e5 2.Nf3 Nc6 3.Bb5 a6 4.Ba4 Nf6 5.O-O b5 6.Bb3 Bb7 7.d3 Be7 8.Nc3 O-O
9.Nd5 Na5 10.Nxe7+ Qxe7 11.c3 Nxb3 12.axb3 d5 13.exd5 Nxd5 14.Re1 f6 15.b4 Qf7
16.Qe2 Rfe8 17.Be3 Rad8 18.Rad1 Qh5 19.Nd2 Qg6 20.Ne4 f5 21.Bg5 Rb8 22.Nc5 Nf4
23.Qe3 Qxg5 24.g3 Nh3+ 25.Kf1 f4 26.Qe2 fxg3 27.hxg3 Rf8  0-1

[Event "36th Olympiad"]
[Site "Calvia ESP"]
[Date "2004.10.19"]
[Round "5"]
[White "Lorne,M"]
[Black "Asabri,Hu"]
[Result "0-1"]
[WhiteElo "2110"]
[BlackElo "2286"]

1.e4 e5 2.Nf3 Nc6 3.Bb5 a6 4.Ba4 Nf6 5.O-O b5 6.Bb3 Bb7 7.c3 Nxe4 8.d4 Na5
9.Nxe5 Nxb3 10.Qxb3 Nd6 11.Bf4 Be7 12.Nd2 O-O 13.Rfe1 Bg5 14.Bxg5 Qxg5 15.Ndf3 Qf5
16.Re3 Kh8 17.Rae1 g5 18.d5 Rad8 19.Nd4 Qf6 20.Rh3 Rfe8 21.Qc2 Qg7 22.Ndf3 f6
23.Re3 Bxd5 24.Nxg5 fxg5 25.Rxh7+ Qxh7 26.Rh3 Qxh3 27.gxh3 Rxe5 28.f3 Rde8
29.Qg6 Re1+ 30.Kf2 R8e2+  0-1

[Event "Essent Open"]
[Site "Hoogeveen NED"]
[Date "2004.10.19"]
[Round "5"]
[White "Van Wissen,M"]
[Black "Van de Oudeweetering,A"]
[Result "1-0"]
[WhiteElo "2297"]
[BlackElo "2383"]

1.e4 e5 2.Nf3 Nc6 3.Bb5 a6 4.Ba4 Nf6 5.O-O b5 6.Bb3 Bb7 7.c3 Nxe4 8.d4 Na5
9.Bc2 exd4 10.b4 Nc4 11.Bxe4 Bxe4 12.Re1 d5 13.Nxd4 c5 14.bxc5 Bxc5 15.f3 O-O
16.fxe4 dxe4 17.Rxe4 Qd5 18.Rh4 Rad8 19.Nd2 Ne3 20.Qf3 Nf5 21.Qxd5 Rxd5 22.Rh5 g6
23.Rxf5 Rxf5 24.Nb3 Re8 25.Bd2 Bxd4+ 26.cxd4 Re2 27.Rf1 Rxf1+ 28.Kxf1 Re8
29.Bb4 Rd8 30.Ke2 f5 31.Kd3 Kf7 32.Ba5 Rd6 33.Nc5 g5 34.Bc7 Rc6 35.Be5 Ke7
36.Kc3 a5 37.Kb3 f4 38.a4 bxa4+ 39.Kxa4 Rc8 40.Kxa5 Rd8 41.Kb5 g4 42.Kc4 f3
43.gxf3 gxf3 44.Ne4 Ra8 45.Bg3 Ra4+ 46.Kd5 Ra5+ 47.Nc5 Ra2 48.Nd3 Re2 49.Bh4+ Ke8
50.Nf2 h5 51.Kd6 Re1 52.Bg3 Rg1 53.Ke5 Ra1 54.Ke4 Ra3 55.Bf4 Kd7 56.Be3 Kd6
57.Kxf3 Kd5 58.Nh3 h4 59.Nf4+ Kc4 60.h3 Ra1 61.Ng2 Kd3 62.Bf2 Kc4 63.Nxh4 Rh1
64.Kg2 Ra1 65.Nf3 Kd5 66.Ng5 Ra3 67.h4 Rb3 68.h5 Ra3 69.h6 Ra6 70.h7 Rh6
71.Kf3 Kc6 72.Ke4 Kd7 73.Bg3  1-0

[Event "36th Olympiad w"]
[Site "Calvia ESP"]
[Date "2004.10.20"]
[Round "6"]
[White "Nekrasova,E"]
[Black "Coimbra,M"]
[Result "1/2-1/2"]
[WhiteElo "2107"]
[BlackElo "2079"]

1.e4 e5 2.Nf3 Nc6 3.Bb5 a6 4.Ba4 Nf6 5.O-O b5 6.Bb3 Bb7 7.d3 Bc5 8.a4 d6
9.Bg5 h6 10.Bxf6 Qxf6 11.axb5 axb5 12.Rxa8+ Bxa8 13.Nc3 b4 14.Nd5 Qd8 15.c3 bxc3
16.bxc3 O-O 17.d4 Ba7 18.Qd3 exd4 19.cxd4 Ne7 20.Ra1 Nxd5 21.Rxa7 Nf6 22.Nd2 Qb8
23.Ra3 Qb4 24.Bc2 g6 25.Qc3 c5 26.f3 Qxc3 27.Rxc3 cxd4 28.Rc4 d5 29.Rxd4 dxe4
30.Nxe4 Bxe4 31.Bxe4 Nxe4 32.Rxe4  1/2-1/2

[Event "Essent Open"]
[Site "Hoogeveen NED"]
[Date "2004.10.20"]
[Round "6"]
[White "Potze,R"]
[Black "Van Geffen,B"]
[Result "1-0"]
[WhiteElo "2129"]
[BlackElo "2181"]

1.e4 e5 2.Nf3 Nc6 3.Bb5 a6 4.Ba4 Nf6 5.O-O b5 6.Bb3 Bb7 7.d3 Be7 8.Nc3 O-O
9.a3 d6 10.Ba2 h6 11.Be3 Re8 12.Nh4 Bf8 13.Ng6 Ne7 14.Nxf8 Rxf8 15.f4 exf4
16.Bxf4 Ng6 17.Qf3 Ne5 18.Qf2 Ned7 19.Qh4 Qe7 20.Rae1 Nd5 21.Qh3 Nxc3 22.bxc3 Ne5
23.Bxh6 gxh6 24.Qxh6 c5 25.Re3 c4 26.Rg3+ Ng6 27.Rh3 Rfc8 28.Qh7+ Kf8 29.Qxg6 Ke8
30.Rh8+ Kd7 31.Rxf7 Rxh8 32.Rxe7+ Kxe7 33.Qg7+ Ke6 34.Qxb7 Rac8 35.dxc4 bxc4
36.Bxc4+ Ke5 37.Qe7+  1-0

[Event "Essent Open"]
[Site "Hoogeveen NED"]
[Date "2004.10.22"]
[Round "8"]
[White "Doggers,P"]
[Black "Swinkels,R"]
[Result "0-1"]
[WhiteElo "2292"]
[BlackElo "2231"]

1.e4 e5 2.Nf3 Nc6 3.Bb5 a6 4.Ba4 Nf6 5.O-O b5 6.Bb3 Bb7 7.d3 Bd6 8.c3 O-O
9.Re1 Re8 10.Nbd2 Bf8 11.Nf1 h6 12.Ng3 d5 13.exd5 Nxd5 14.d4 Qd6 15.Ne4 Qd7
16.Bxh6 exd4 17.Bd2 d3 18.Nfg5 Ne5 19.h3 Qf5 20.f4 Nc4 21.Qh5 Qg6 22.Qf3 Nde3
23.Bxe3 Bxe4 24.Nxe4 Qxe4 25.Qh5 g6  0-1

[Event "Essent Open"]
[Site "Hoogeveen NED"]
[Date "2004.10.23"]
[Round "9"]
[White "De Jong,M"]
[Black "Swinkels,R"]
[Result "1-0"]
[WhiteElo "2316"]
[BlackElo "2231"]

1.e4 e5 2.Nf3 Nc6 3.Bb5 a6 4.Ba4 Nf6 5.O-O b5 6.Bb3 Bb7 7.d3 Bd6 8.a3 O-O
9.Nc3 h6 10.Ne2 Re8 11.Ng3 Bf8 12.c3 d5 13.Qe2 Qd7 14.Nf5 Rad8 15.Bc2 Kh7
16.a4 b4 17.a5 g6 18.Ng3 Bg7 19.Bd2 bxc3 20.bxc3 Na7 21.Rfb1 Bc6 22.c4 dxe4
23.dxe4 Nc8 24.Bc3 Ng8 25.Nd2 Qe6 26.Ndf1 Nf6 27.Ne3 Nd6 28.Nd5 Qc8 29.Rb3 Bxd5
30.cxd5 c6 31.dxc6 Qxc6 32.Bd3 Ra8 33.Bd2 Rec8 34.Rb6 Qd7 35.Bxa6 Rd8 36.Bb4 Nc8
37.Bxc8 Qxc8 38.Be7 Nd7 39.Bxd8 Qxd8 40.Rd6 Qc7 41.Rd5 Nc5 42.Qc4 Bf8 43.a6 Qb6
44.Rc1 Nxa6 45.Rd7 Bg7 46.Qxf7 Rg8 47.Rc8  1-0

[Event "Essent Open"]
[Site "Hoogeveen NED"]
[Date "2004.10.23"]
[Round "9"]
[White "Michielsen,J"]
[Black "Van de Oudeweetering,A"]
[Result "1/2-1/2"]
[WhiteElo "2249"]
[BlackElo "2383"]

1.e4 e5 2.Nf3 Nc6 3.Bb5 a6 4.Ba4 Nf6 5.O-O b5 6.Bb3 Bb7 7.c3 Nxe4 8.d4 Na5
9.Bc2 exd4 10.b4 Nc4 11.Re1 d5 12.Nxd4 Bd6 13.f3 Bxh2+ 14.Kxh2 Qh4+  1/2-1/2

[Event "Acropolis WGM Open"]
[Site "Athens GRE"]
[Date "2004.11.17"]
[Round "2"]
[White "Ikonomopoulou,M"]
[Black "Karlovich,A"]
[Result "0-1"]
[WhiteElo "2014"]
[BlackElo "2155"]

1.e4 e5 2.Nf3 Nc6 3.Bb5 a6 4.Ba4 Nf6 5.O-O b5 6.Bb3 Bb7 7.a4 Bd6 8.d3 O-O
9.Bd2 Ne7 10.Na3 c6 11.Qe1 Ng6 12.c4 bxa4 13.Bxa4 a5 14.Bc2 Qb6 15.Bc3 Rfe8
16.d4 exd4 17.Bxd4 Bc5 18.Bxf6 gxf6 19.Qc3 Re6 20.Rad1 Qb4 21.Nb1 Ba6 22.Rxd7 Bxc4
23.Rfd1 Ne5 24.Rd8+ Re8 25.Rxe8+ Rxe8 26.Nh4 Qxc3 27.Nxc3 h5 28.Na4 Ba7 29.Nf5 Be6
30.Nd4 Bg4 31.Rd2 Kh7 32.Nb3 Nc4 33.Rd3 Kh6 34.h3 Be6 35.Rf3 Ne5 36.Rc3 Bxb3
37.Bxb3 Bd4 38.Rc1 Rb8 39.Bd1 Bxf2+ 40.Kf1 Bd4 41.Ke2 Rg8 42.Kf1 h4 43.Be2 Kg5
44.Ba6  0-1

[Event "XXI WJun Women"]
[Site "Kochin IND"]
[Date "2004.11.20"]
[Round "1"]
[White "Siti,Z"]
[Black "Matta,F"]
[Result "1-0"]
[WhiteElo "2162"]
[BlackElo "1857"]

1.e4 e5 2.Nf3 Nc6 3.Bb5 a6 4.Ba4 Nf6 5.O-O b5 6.Bb3 Bb7 7.Re1 Bc5 8.c3 d6
9.d4 Bb6 10.a4 O-O 11.Na3 h6 12.h3 Re8 13.d5 Ne7 14.axb5 axb5 15.Bd2 c6 16.dxc6 Bxc6
17.Bc2 Ng6 18.Bd3 Qd7 19.c4 bxc4 20.Nxc4 Bc7 21.Qc2 Nh5 22.Rad1 Nhf4 23.Bf1 Qe6
24.b3 Qf6 25.Ne3 Ne7 26.Ng4 Qg6 27.Nh4 Qe6 28.Nf5 Nfg6 29.Bb4 d5 30.Bxe7 Nxe7
31.Rc1 Bb8 32.Nxe7+ Rxe7 33.Qxc6 Qxc6 34.Rxc6 d4 35.Rc8+ Kh7 36.Bc4  1-0

[Event "XLIII WJun"]
[Site "Kochin IND"]
[Date "2004.11.22"]
[Round "6"]
[White "Venkat,S"]
[Black "Navin,K"]
[Result "1-0"]
[WhiteElo "2152"]
[BlackElo "2058"]

1.e4 e5 2.Nf3 Nc6 3.Bb5 a6 4.Ba4 Nf6 5.O-O b5 6.Bb3 Bb7 7.c3 Nxe4 8.d4 Be7
9.Re1 d5 10.dxe5 Na5 11.Bc2 O-O 12.Nbd2 Nxd2 13.Qxd2 c5 14.Qd3 g6 15.Bh6 Re8
16.e6 f5 17.Ne5 Nc4 18.Nf7 Qb6 19.Qg3 Nd6 20.Qe5  1-0

[Event "XXI WJun Women"]
[Site "Kochin IND"]
[Date "2004.11.22"]
[Round "6"]
[White "Kavitha,J"]
[Black "Nadig,K"]
[Result "1-0"]
[WhiteElo "2088"]
[BlackElo "2182"]

1.e4 e5 2.Nf3 Nc6 3.Bb5 a6 4.Ba4 Nf6 5.O-O b5 6.Bb3 Bb7 7.Re1 Bc5 8.c3 d6
9.d4 Bb6 10.Be3 O-O 11.Nbd2 h6 12.h3 exd4 13.cxd4 Nb4 14.Qb1 c5 15.a3 Nc6
16.d5 Ne5 17.Nh2 c4 18.Bc2 Nh5 19.Ndf3 Bxe3 20.Rxe3 Nxf3+ 21.Rxf3 f5 22.Qd1 Qg5
23.h4 Qe7 24.exf5 Nf6 25.Re3 Qf7 26.Ng4 Nxg4 27.Qxg4 Bxd5 28.Rd1 Rad8 29.Rg3 Bb7
30.Qf4 Qf6 31.h5 Rf7 32.Rd4 Rdd7 33.Qd2 Qe7 34.Rg6 Rf6 35.Rg3 Qe8 36.Qc3 Qxh5
37.Rdg4 Qe8 38.Qxf6  1-0

[Event "Acropolis IM Open"]
[Site "Athens GRE"]
[Date "2004.11.24"]
[Round "9"]
[White "Angelopoulos,G"]
[Black "Kalaitzoglou,P"]
[Result "1/2-1/2"]
[WhiteElo "2104"]
[BlackElo "2155"]

1.e4 e5 2.Nf3 Nc6 3.Bb5 a6 4.Ba4 Nf6 5.O-O b5 6.Bb3 Bb7 7.Re1 Bc5 8.c3 d6
9.d4 Bb6 10.Bg5 h6 11.Bh4 g5 12.Bg3 Qe7 13.Nbd2 O-O-O 14.d5 Nb8 15.a4 h5
16.h4 g4 17.Nh2 Nbd7 18.axb5 axb5 19.Qe2 c6 20.dxc6 Bxc6 21.Bd5 Nxd5 22.exd5 Bxd5
23.Qxb5 Qe6 24.Nc4 Bxc4 25.Qc6+ Bc7 26.Ra8+ Nb8 27.Rea1 Ba2 28.Qa6+ Kd7 29.Qxa2 Qxa2  1/2-1/2

[Event "RusFed Internet Blitz Cup"]
[Site "ChessAssistantClub INT"]
[Date "2004.11.25"]
[Round "9"]
[White "Belov,Vl"]
[Black "Potapov,Alexa1"]
[Result "1-0"]
[WhiteElo "2552"]
[BlackElo "2530"]

1.e4 e5 2.Nf3 Nc6 3.Bb5 a6 4.Ba4 Nf6 5.O-O b5 6.Bb3 Bb7 7.d3 Bd6 8.Bg5 O-O
9.a3 h6 10.Bh4 Be7 11.Nc3 d6 12.Re1 Nb8 13.Bxf6 Bxf6 14.Bd5 c6 15.Ba2 Nd7
16.Ne2 a5 17.Ng3 g6 18.d4 Bg7 19.Qd2 Qe7 20.Rad1 Rfd8 21.h4 Kh7 22.h5 c5
23.dxc5 Nxc5 24.Bd5 Ne6 25.Bxb7 Qxb7 26.hxg6+ fxg6 27.Nh2 Nf4 28.Ng4 d5 29.Qe3 d4
30.Qc1 Rac8 31.Qb1 b4 32.axb4 axb4 33.f3 h5 34.Nf2 Qc6 35.Ne2 Qxc2 36.Qxc2 Rxc2
37.Nxf4 exf4 38.Nd3 g5 39.e5 Re8 40.Re4 Rc4 41.Ra1 b3 42.Ra7 Kg6 43.Ra6+ Kh7
44.e6 Rc2 45.Rb6 Rd2 46.Rxb3 h4 47.Kh2 Kg6 48.Kh3 Bf6 49.Nc5 Rc2 50.Nd7 Rc6
51.Rb7 Rcxe6 52.Rxe6 Rxe6 53.Nf8+ Kf5 54.Nxe6 Kxe6 55.Rb5 d3 56.Rb3 d2 57.Rd3 Bxb2
58.Rxd2 Be5 59.Kg4 Bf6 60.Re2+ Kd5 61.Kf5 Bd4 62.Kxg5 Be3 63.Kxh4 Kd4 64.Kg4 Kd3
65.Ra2  1-0

[Event "XXI WJun Women"]
[Site "Kochin IND"]
[Date "2004.11.27"]
[Round "11"]
[White "Aketaeva,D"]
[Black "Nadig,K"]
[Result "0-1"]
[WhiteElo "2223"]
[BlackElo "2182"]

1.e4 e5 2.Nf3 Nc6 3.Bb5 a6 4.Ba4 Nf6 5.O-O b5 6.Bb3 Bb7 7.Re1 Bc5 8.c3 d6
9.d4 Bb6 10.Be3 O-O 11.Nbd2 h6 12.h3 exd4 13.cxd4 Nb4 14.Qb1 c5 15.a3 Nc6
16.e5 dxe5 17.dxc5 Bc7 18.Bc2 Nd5 19.b4 Nce7 20.Qb2 Qb8 21.Ne4 Nxe3 22.Rxe3 Nd5
23.Ree1 f5 24.Nc3 Nf4 25.Ne2 Ng6 26.Qb3+ Kh7 27.Rad1 Qc8 28.Ng3 Bc6 29.Rd2 a5
30.h4 a4 31.Qc3 e4 32.h5 Nf4 33.Ne5 Bxe5 34.Qxe5 Nxg2 35.Kxg2 e3+ 36.Rd5 Qd7
37.Rd1 e2 38.Qxe2 Bxd5+ 39.Kg1 Qe6 40.Qxb5 Bb3 41.Rc1 Bxc2 42.Rxc2 f4 43.Qe2 Qh3
44.Qf1 Qg4 45.Qe2 Qg5 46.c6 fxg3 47.f3 Rfe8 48.Qd3+ Kh8 49.c7 Qxh5 50.Qc3 Rac8
51.Rb2 Qe5 52.Rc2 Qxc3 53.Rxc3 Re7 54.Rd3 Rcxc7 55.Kg2 Re2+ 56.Kxg3 Kh7  0-1

[Event "ch-ROM w KO"]
[Site "Brasov ROM"]
[Date "2004.11.28"]
[Round "4.2"]
[White "Peptan,C"]
[Black "Olarasu,G"]
[Result "1-0"]
[WhiteElo "2429"]
[BlackElo "2325"]

1.e4 e5 2.Nf3 Nc6 3.Bb5 a6 4.Ba4 Nf6 5.O-O b5 6.Bb3 Bb7 7.c3 Nxe4 8.d4 Na5
9.Bc2 exd4 10.Nxd4 Ng5 11.a4 Ne6 12.axb5 axb5 13.Nxb5 g6 14.f4 Bc5+ 15.Kh1 Nc4
16.Rxa8 Qxa8 17.Qe2 Kd8 18.Re1 Re8 19.Qf1 Bc6 20.N5a3 Nxa3 21.Nxa3 Re7 22.Rd1 Bxa3
23.bxa3 f5 24.Qf2 Ng7 25.Bd3 Qa4 26.Re1 Rxe1+ 27.Qxe1 Nh5 28.c4 Kc8 29.Bf1 Nf6
30.h3 Ne4 31.Kg1 Qc2 32.Be3 Qb3 33.Qc1 d6 34.c5 dxc5 35.Bxc5 Qd5 36.Be3 Ng3
37.Ba6+ Kb8 38.Qb2+ Ka8 39.Qh8+  1-0

[Event "XXI WJun Women"]
[Site "Kochin IND"]
[Date "2004.11.30"]
[Round "13"]
[White "Hodova,L"]
[Black "Matta,F"]
[Result "1/2-1/2"]
[WhiteElo "2118"]
[BlackElo "1857"]

1.e4 e5 2.Nf3 Nc6 3.Bb5 a6 4.Ba4 Nf6 5.O-O b5 6.Bb3 Bb7 7.d3 Be7 8.Nc3 O-O
9.a4 b4 10.Nd5 Na5 11.Nxe7+ Qxe7 12.Ba2 Rfe8 13.Bg5 h6 14.Bxf6 Qxf6 15.Nd2 Rad8
16.Qg4 Qb6 17.Kh1 d5 18.Qf5 Re7 19.f4 Qe3 20.Rad1 exf4 21.exd5 Re5 22.Qxf4 Qxf4
23.Rxf4 Bxd5 24.Bxd5 Rdxd5 25.Rxb4 Nc6 26.Re4 Rxe4 27.Nxe4 Nb4 28.Rd2 f5
29.Ng3 Re5 30.Ne2 g5 31.Kg1 Kf7 32.Kf2 f4 33.c3 Nd5 34.d4 Re6 35.Nc1 Ne3
36.Nd3 Ng4+ 37.Kg1 Kf6 38.h3 Ne3 39.Nc5 Rc6 40.b4 Kf5 41.Kf2 h5 42.Rd3 Rg6
43.b5 axb5 44.a5 g4 45.h4 g3+ 46.Kf3 Rg8 47.a6 Nd5 48.Nd7 Ra8 49.Nc5 Rd8
50.a7  1/2-1/2